Nông nghiệp xanh - sạch : Kỹ thuật trồng cây và hoa thủy sinh

Giới thiệu các loại cây thuỷ sinh thông dụng; mô tả tập tính và hướng dẫn kỹ thuật trồng trọt, chăm sóc, cách bố trí hoa thuỷ sinh một cách hài hoà hợp lý để làm cảnh và các cây thuỷ sinh dùng làm thuốc...

Fuld beskrivelse

Đã lưu trong:
Bibliografiske detaljer
Format: Bog
Sprog:Undetermined
Udgivet: Hà Nội Nxb. Hà Nội 2020
Fag:
Tags: Tilføj Tag
Ingen Tags, Vær først til at tagge denne postø!
Thư viện lưu trữ: Trung tâm Học liệu Trường Đại học Cần Thơ
LEADER 00902nam a2200205Ia 4500
001 CTU_238868
008 210402s9999 xx 000 0 und d
020 |c 40000 
082 |a 635.9674 
082 |b N455 
245 0 |a Nông nghiệp xanh - sạch : 
245 0 |b Kỹ thuật trồng cây và hoa thủy sinh 
245 0 |c Lê Công Sĩ (Biên soạn) 
260 |a Hà Nội 
260 |b Nxb. Hà Nội 
260 |c 2020 
520 |a Giới thiệu các loại cây thuỷ sinh thông dụng; mô tả tập tính và hướng dẫn kỹ thuật trồng trọt, chăm sóc, cách bố trí hoa thuỷ sinh một cách hài hoà hợp lý để làm cảnh và các cây thuỷ sinh dùng làm thuốc 
650 |a Cây cảnh,Plants, ornamental 
910 |b nthai 
980 |a Trung tâm Học liệu Trường Đại học Cần Thơ